Active listening : Expanding understanding through content

Four Audio CDs are provided to supplement the listening tasks found in the Student's Book. The listening program is also available on Audio Cassettes.

Na minha lista:
Detalhes bibliográficos
Autor principal: Helgesen, Marc
Formato: Livro
Idioma:Undetermined
Publicado em: New York Cambridge University 1999
Assuntos:
Tags: Adicionar Tag
Sem tags, seja o primeiro a adicionar uma tag!
Thư viện lưu trữ: Trung tâm Học liệu Trường Đại học Cần Thơ
LEADER 00861nam a2200217Ia 4500
001 CTU_171967
008 210402s9999 xx 000 0 und d
082 |a 428.3 
082 |b H474/CD.4 
100 |a Helgesen, Marc 
245 0 |a Active listening : 
245 0 |b Expanding understanding through content 
245 0 |c Marc Helgesen, Brown, Smith 
260 |a New York 
260 |b Cambridge University 
260 |c 1999 
520 |a Four Audio CDs are provided to supplement the listening tasks found in the Student's Book. The listening program is also available on Audio Cassettes. 
650 |a Listening,English language,Nghe,Tiếng Anh 
650 |x Problems, exercises, etc,Study and teaching,Những vấn đề, các bài tập,...,Dạy và học 
904 |i Phỉ 
980 |a Trung tâm Học liệu Trường Đại học Cần Thơ